Ví dụ tính toán thiết kế nhà máy xử lý nước

Wedi'i Gadw mewn:
Manylion Llyfryddiaeth
Prif Awdur: Nguyễn, Phước Dân
Awduron Eraill: Lâm, Minh Triết
Fformat: Llyfr
Iaith:Undetermined
Cyhoeddwyd: Tp.HCM Đại học quốc gia Tp.HCM 2009
Pynciau:
Mynediad Ar-lein:http://lrc.tdmu.edu.vn/opac/search/detail.asp?aID=2&ID=3420
Tagiau: Ychwanegu Tag
Dim Tagiau, Byddwch y cyntaf i dagio'r cofnod hwn!
Thư viện lưu trữ: Trung tâm Học liệu Trường Đại học Thủ Dầu Một
LEADER 00739nam a2200205Ia 4500
001 TDMU_3420
008 210410s9999 xx 000 0 und d
082 |a 627 
090 |b N4994 
100 |a Nguyễn, Phước Dân 
245 0 |a Ví dụ tính toán thiết kế nhà máy xử lý nước 
245 0 |c Nguyễn Phước Dân, Lâm Minh Triết 
260 |a Tp.HCM 
260 |b Đại học quốc gia Tp.HCM 
260 |c 2009 
300 |a 220tr. 
650 |a Nhà máy xử lý nước  |x  Thiết kế 
700 |a Lâm, Minh Triết 
856 |u http://lrc.tdmu.edu.vn/opac/search/detail.asp?aID=2&ID=3420 
980 |a Trung tâm Học liệu Trường Đại học Thủ Dầu Một